MARC

Tag First Indicator Second Indicator Subfields
LEADER 00000cam a2200000Ia 4500
001 in00003504321
006 m o d
007 cr unu||||||||
008 090104s1975 gw ob 010 0bengsd
005 20260422203025.0
019 |a 625074099  |a 654596915  |a 681412184  |a 812131001 
020 |a 9783540380573 (electronic bk.) 
020 |a 3540380574 (electronic bk.) 
020 |z 9783540075387 
020 |z 3540075380 
020 |z 9780387075389 
020 |z 0387075380 
035 |a (OCoLC)296992713  |z (OCoLC)625074099  |z (OCoLC)654596915  |z (OCoLC)681412184  |z (OCoLC)812131001 
040 |a SPLNM  |b eng  |e pn  |c SPLNM  |d GW5XE  |d OCLCQ  |d OL$  |d OCLCO  |d OCLCE  |d OCLCO  |d OCLCQ  |d GW5XE  |d OCLCQ  |d OCLCF  |d UtOrBLW 
042 |a dlr 
049 |a TXAM 
050 4 |a QA3  |b .L28 no. 498  |a QA9.7 
082 0 4 |a 511.34  |2 22 
084 |a 31.10  |2 bcl 
084 |a SI 850  |2 rvk 
084 |a 19a  |2 sdnb 
084 |a 31.11  |2 bcl 
245 0 0 |a Model theory and algebra :  |b a memorial tribute to Abraham Robinson /  |c edited by D. Saracino and V.B. Weispfenning. 
264 1 |a Berlin ;  |a New York :  |b Springer-Verlag,  |c 1975. 
300 |a 1 online resource (x, 463 pages) 
336 |a text  |b txt  |2 rdacontent 
337 |a computer  |b c  |2 rdamedia 
338 |a online resource  |b cr  |2 rdacarrier 
490 1 |a Lecture Notes in Mathematics,  |v 498 
504 |a "A provisional bibliography of Robinson's works": pages [4]-13. 
504 |a Includes bibliographical references. 
505 0 |a "A provisional bibliography of Robinson's works": p. [4]-13. 
538 |a Master and use copy. Digital master created according to Benchmark for Faithful Digital Reproductions of Monographs and Serials, Version 1. Digital Library Federation, December 2002.  |u http://purl.oclc.org/DLF/benchrepro0212  |5 MiAaHDL 
583 1 |a digitized  |c 2010  |h HathiTrust Digital Library  |l committed to preserve  |2 pda  |5 MiAaHDL 
588 |a Description based on print version record. 
500 |a Electronic resource. 
600 1 0 |a Robinson, Abraham,  |d 1918-1974. 
600 1 4 |a Robinson, Abraham. 
600 1 6 |a Robinson, Abraham,  |d 1918-1974. 
600 1 7 |a Robinson, Abraham,  |d 1918-1974.  |2 fast  |0 (OCoLC)fst00016800 
650 0 |a Model theory. 
650 0 |a Algebra. 
650 6 |a Modèles, Théorie des. 
650 6 |a Algèbre. 
650 0 7 |a Algebra.  |0 (DE-588)4001156-2  |2 gnd 
650 0 7 |a Algebraische Modelltheorie.  |0 (DE-588)4141842-6  |2 gnd 
650 0 7 |a Modelltheorie.  |0 (DE-588)4114617-7  |2 gnd 
650 0 7 |a Algebra.  |2 swd 
650 0 7 |a Algebraische Modelltheorie.  |2 swd 
650 0 7 |a Aufsatzsammlung.  |2 swd 
650 0 7 |a Modelltheorie.  |2 swd 
650 7 |a Algebra.  |2 fast  |0 (OCoLC)fst00804885 
650 7 |a Model theory.  |2 fast  |0 (OCoLC)fst01024368 
653 0 |a Algebra 
653 0 |a Model theory 
653 0 |a Robinson, Abraham 
655 7 |a Electronic books.  |2 local 
655 4 |a Aufsatzsammlung. 
700 1 |a Robinson, Abraham,  |d 1918-1974. 
700 1 |a Saracino, Dan,  |d 1947- 
700 1 |a Weispfenning, Volker,  |d 1944- 
710 2 |a SpringerLink (Online service) 
776 1 8 |i Print version:  |t Model theory and algebra.  |d Berlin ; New York : Springer-Verlag, 1975  |z 0387075380  |w (DLC) 75040483  |w (OCoLC)2009233 
830 0 |a Lecture notes in mathematics (Springer-Verlag) ;  |v 498. 
856 4 0 |u http://proxy.library.tamu.edu/login?url=https://link.springer.com/10.1007/BFb0080972  |z Connect to the full text of this electronic book  |t 0 
994 |a 92  |b TXA 
999 |a MARS 
999 f f |s ad38cf65-8418-3af2-9a11-f7e2bdf062ec  |i 9d8e08d7-7b73-3aab-9722-0438d0d941a0  |t 0 
952 f f |a Texas A&M University  |b College Station  |c Electronic Resources  |s www_evans  |d Available Online  |t 0  |e QA3 .L28 no. 498  |h Library of Congress classification 
998 f f |a QA3 .L28 no. 498  |t 0  |l Available Online